| 000 -ლიდერი |
| ფიქსირებული სიგრძის საკონტროლო ველი |
01180nam a2200241Ia 4500 |
| 001 - საკონტროლო ნომერი |
| საკონტროლო ველი |
3639 |
| 003 - საკონტროლო ნომრის იდენტიფიკატორი |
| საკონტროლო ველი |
GE_BSU |
| 005 - ბოლო ოპერაციის თარიღი და დრო |
| საკონტროლო ველი |
20190520161357.0 |
| 008 - ფიქსირებული სიგრძის მონაცემთა ელემენტები - ზოგადი ინფორმაცია |
| ფიქსირებული სიგრძის საკონტროლო ველი |
181216s1974||||ge |||||||||||||| ||geo|| |
| 040 ## - კატალოგიზაციის წყარო |
| Transcribing agency |
GE_BSU |
| 041 ## - ენის კოდი |
| Language code of text/sound track or separate title |
geo |
| 080 ## - უნივერსალური ათობითი კლასიფიკაციის ინდექსი |
| Universal Decimal Classification number |
528.48(075.8):622.1 თ–40 |
| 100 ## - მთავარი ჩანაწერი - პიროვნების სახელი |
| Personal name |
თევზაძე,ნ. |
| 9 (RLIN) |
1425 |
| 245 ## - ცნობა სათაურის შესახებ |
| Title |
საინჟინრო გეოდეზია : 10 ნაწილად. წ. 2 : სფეროიდული, სფერული და სიბრტყისმიერი გეოდეზიის ელემენტები / |
| Statement of responsibility, etc |
ნ. თევზაძე ; რედ : პ.ლაბარტყავა. |
| 264 ## - წარმოების, გამოცემის, დისტრიბუციის და სხვა ცნობები |
| გამოცემის, წარმოების, დისტრიბუციის... ადგილი |
თბილისი : |
| გამოცემის, წარმოების, დისტრიბუციის... სახელწოდება |
განათლება, |
| გამოცემის, წარმოების, დისტრიბუციის... თარიღი |
1974. |
| 300 ## - ფიზიკური აღწერა |
| Extent |
334 გვ .: |
| Dimensions |
26 სმ. |
| 504 ## - BIBLIOGRAPHY, ETC. NOTE |
| Bibliography, etc |
ბიბლიოგრაფია: გვ. 332-333. |
| 653 ## - INDEX TERM--UNCONTROLLED |
| Uncontrolled term |
საინჟინრო გეოდეზია |
| 653 ## - INDEX TERM--UNCONTROLLED |
| Uncontrolled term |
სფეროიდული გეოდეზია |
| 653 ## - INDEX TERM--UNCONTROLLED |
| Uncontrolled term |
სიბრტყისმიერი გეოდეზია |
| 700 ## - ADDED ENTRY--PERSONAL NAME |
| Personal name |
ლაბარტყავა. პ |
| Relator term |
რედაქტორი |
| 9 (RLIN) |
523 |
| 942 ## - ADDED ENTRY ELEMENTS (KOHA) |
| Koha item type |
წიგნი |
| Source of classification or shelving scheme |
|